01196nam a2200301 a 4500001001200000003000800012006001900020007001500039008004100054015001500095020001500110020002200125040002100147035002000168050002300188100002600211245014100237260005200378300002300430504005100453533015200504650002500656650001400681655002900695700002700724710001700751856012600768ebr10076768CaPaEBRm u cr cn|||||||||020724s2003 enka sb 001 0 eng d aGBA2-W5839 z0761970835 z0761970843 (pbk.) aCaPaEBRcCaPaEBR a(OCoLC)7077398114aQ175b.G675 2003eb1 aGott, Richard,d1946-10aUnderstanding and using scientific evidenceh[electronic resource] :bhow to critically evaluate data /cRichard Gott and Sandra Duggan. aLondon ;aThousand Oaks, Calif. :bSAGE,c2003. aix, 198 p. :bill. aIncludes bibliographical references and index. aElectronic reproduction.bPalo Alto, Calif. :cebrary,d2013.nAvailable via World Wide Web.nAccess may be limited to ebrary affiliated libraries. 0aSciencexPhilosophy. 0aEvidence. 7aElectronic books.2local1 aDuggan, Sandra,d1949-2 aebrary, Inc.40uhttp://site.ebrary.com/lib/rucke/Doc?id=10076768zAn electronic book accessible through the World Wide Web; click to view